| 000 | 00374nam a2200145Ia 4500 | ||
|---|---|---|---|
| 008 | 230917s9999||||xx |||||||||||||| ||und|| | ||
| 040 |
_e596 _aMAIN |
||
| 041 | _aEnglish | ||
| 082 | _a616.0756 R272B | ||
| 100 | _aReid, Eric, ed | ||
| 245 | 0 | _aBlood drugs and other analytical challenges | |
| 260 |
_aChichester _bEllis Horwood _c1978 |
||
| 300 | _axi, 358 p. | ||
| 942 | _cBK | ||
| 999 |
_c36151 _d36151 |
||